Książki według państwa - Statystyki

Ogólne statystyki
  • Ten quiz został rozwiązany 52 razy
  • Średni wynik to 10 z 22
Statystyki odpowiedzi
Książka Państwo % Poprawnych
Don Kichot Hiszpania
94%
Wojna i Pokój Rosja
85%
Hrabia Monte Christo Francja
83%
Wielki Gatsby Stany Zjednoczone
83%
Iliada Turcja | Grecja
81%
Romeo i Julia Włochy
81%
Duma i uprzedzenie Wielka Brytania
79%
Memoirs of a Geisha Japonia
65%
Hamlet Dania
58%
Blaszany bębenek Niemcy | Polska
56%
Shantaram Indie
38%
Mężczyźni, którzy nienawidzą kobiet Szwecja
38%
Anioły i demony Watykan
38%
Jądro ciemności Demokratyczna Republika Konga
35%
Sto lat samotności Kolumbia
35%
Dziewczyna z perłą Holandia
31%
Ostatni król Szkocji Uganda
17%
Chłopiec z latawcem Afganistan
10%
Ostatni brzeg Australia
8%
Płacz, ukochany kraju Republika Południowej Afryki
6%
Prochy Angeli Irlandia
2%
Wszystko jest iluminacją Ukraina
2%
Nie znaleziono quizów pasujących do podanych kryteriów
Rozkład punktacji
Procent ludzi z każdym wynikiem
Percentyl według liczby udzielonych odpowiedzi
Twoja historia wyników
Nie rozwiązałeś tego quizu